Anna, soror... / (Record no. 26310)

MARC details
000 -LEADER
campo de control de longitud fija 00566nam a2200205 i 4500
001 - NÚMERO DE CONTROL
campo de control 26310
003 - IDENTIFICADOR DE NÚMERO DE CONTROL
campo de control ES-MaACL
005 - FECHA Y HORA DE LA ÚLTIMA TRANSACCIÓN
campo de control 20230906153423.0
007 - CAMPO FIJO DE DESCRIPCIÓN FÍSICA--INFORMACIÓN GENERAL
campo de control de longitud fija t|
008 - DATOS DE LONGITUD FIJA--INFORMACIÓN GENERAL
campo de control de longitud fija 150914 1991 fr |||| | fre d
020 ## - NÚMERO INTERNACIONAL ESTÁNDAR DEL LIBRO
Número Internacional Estándar del Libro 2-07-038330-X
100 0# - ENTRADA PRINCIPAL--NOMBRE DE PERSONA
Nombre de persona Yourcenar, Marguerite.
9 (RLIN) 117708
245 10 - MENCIÓN DEL TÍTULO
Título Anna, soror... /
Mención de responsabilidad, etc. Marguerite Yourcenar.
260 ## - PUBLICACIÓN, DISTRIBUCIÓN, ETC.
Lugar de publicación, distribución, etc. [S.l.] :
Nombre del editor, distribuidor, etc. Gallimard,
Fecha de publicación, distribución, etc. [1991]
300 ## - DESCRIPCIÓN FÍSICA
Extensión 114 p. ;
Dimensiones 18 cm.
490 1# - MENCIÓN DE SERIE
Mención de serie Folio ;
Designación de volumen o secuencia 2230
830 0# - PUNTO DE ACCESO ADICIONAL DE SERIE-TÍTULO UNIFORME
Título uniforme Folio ;
Designación de volumen o secuencia 2230
9 (RLIN) 178839
852 ## - LOCALIZACIÓN
Ubicación ES-MaACL
Número de control de estantería L-30144
Nota libre .- Donat. Carmen Zumárraga
Holdings
Estatus retirado Estado de pérdida Estado de daño No para préstamo Biblioteca de origen Biblioteca actual Ubicación en estantería Fecha de adquisición Fuente de adquisición Total de préstamos Signatura topográfica completa Código de barras Visto por última vez Precio de reemplazo Tipo de ítem Koha
        Biblioteca del Ateneo de Madrid Biblioteca del Ateneo de Madrid Depósito 2 14/08/2015     L-30144 1194019 23/02/2023 23/02/2023 Libro impreso